Capitais do Mundo - Em 25 minutos - Statistics

Estatísticas Gerais
  • Esse quiz foi jogado 117 vezes
  • A pontuação média é 109 de 196
Estatísticas das Respostas
Países Capitais % Correto
Brasil Brasília
98%
Itália Roma
98%
México Mexico City
96%
França Paris
96%
Portugal Lisboa
93%
Rússia Moscovo
93%
Alemanha Berlim
91%
Argentina Buenos Aires
91%
Espanha Madrid
91%
Estados Unidos Washington D.C.
91%
Bélgica Bruxelas
87%
Peru Lima
87%
Reino Unido Londres
87%
Japão Tóquio
87%
Vaticano Vaticano
87%
Grécia Atenas
85%
Uruguai Montevidéu
83%
Noruega Oslo
83%
Coréia do Sul Seul
83%
Países Baixos Amesterdão
80%
Colômbia Bogotá
80%
China Pequim
80%
Chile Santiago
80%
Venezuela Caracas
78%
Canadá Ottawa
78%
Austrália Camberra
76%
Cuba Havana
76%
Ucrânia Kiev
76%
República Checa Praga
76%
Equador Quito
76%
Angola Luanda
74%
Índia Nova Deli
74%
Egito Cairo
72%
Irlanda Dublin
72%
Bolívia La Paz ou Sucre
72%
Mônaco Monaco
72%
África do Sul Pretória, Cidade do Cabo, ou Bloemfontein
72%
Paraguai Assunção
70%
Hungria Budapeste
70%
Panamá Cidade do Panamá
70%
San Marino San Marino
70%
Áustria Viena
70%
Suíça Berna
65%
Romênia Bucareste
65%
Dinamarca Copenhaga
65%
Finlândia Helsínquia
65%
Israel Jerusalém
65%
Luxemburgo Luxemburgo
65%
Bulgária Sofia
65%
Polônia Varsóvia
65%
Croácia Zagreb
65%
Turquia Ancara
63%
Andorra Andorra-a-Velha
63%
Argélia Argel
63%
Guatemala Cidade da Guatemala
63%
Catar Doha
63%
Guiana Georgetown
63%
Quênia Nairóbi
63%
Coréia do Norte Pyongyang
63%
Arábia Saudita Riade
63%
Irã Teerã
63%
Nova Zelândia Wellington
63%
Tailândia Bangkok
61%
Eslováquia Bratislava
61%
Bangladesh Daca
61%
Suécia Estocolmo
61%
Jamaica Kingston
61%
São Vicente e Granadinas Kingstown
61%
Bielorrússia Minsk
61%
Tunísia Tunes
61%
Iraque Bagdá
59%
Islândia Reykjavík
59%
El Salvador San Salvador
59%
Bósnia e Herzegovina Sarajevo
59%
Albânia Tirana
59%
Líbano Beirute
57%
Sérvia Belgrado
57%
Senegal Dakar
57%
Síria Damasco
57%
Indonésia Jakarta
57%
Suriname Paramaribo
57%
Haiti Porto Príncipe
57%
Estônia Tallinn
57%
Emirados Árabes Unidos Abu Dhabi
54%
Afeganistão Cabul
54%
Kuweit Kuweit
54%
Filipinas Manila
54%
Moçambique Maputo
54%
Cabo Verde Praia
54%
Costa Rica San José
54%
República Dominicana Santo Domingo
54%
Singapura Singapura
54%
Guiné-Bissau Bissau
52%
Malásia Kuala Lumpur
52%
Eslovénia Liubliana
52%
Kosovo Pristina
52%
Marrocos Rabat
52%
Letónia Riga
52%
Nepal Catmandu
50%
Djibouti Djibouti
50%
Vietname Hanói
50%
Nicarágua Manágua
50%
Bahamas Nassau
50%
Chipre Nicosia
50%
Cazaquistão Nursultan
50%
Trinidad e Tobago Port-of-Spain
50%
Antígua e Barbuda Saint John's
50%
São Tomé e Príncipe São Tomé
50%
Taiwan Taipé
50%
Honduras Tegucigalpa
50%
Liechtenstein Vaduz
50%
Malta Valeta
50%
Etiópia Adis Abeba
48%
Jordânia Amã
48%
Moldávia Chișinău
48%
Timor Leste Díli
48%
Granada Saint George's
48%
Iémen Saná
48%
Geórgia Tbilisi
48%
Líbia Trípoli
48%
Lituânia Vilnius
48%
Nigéria Abuja
46%
Madagáscar Antananarivo
46%
Azerbaijão Baku
46%
Belize Belmopan
46%
Barbados Bridgetown
46%
Sudão Cartum
46%
Guiné Conacri
46%
Armênia Erevan
46%
Macedónia do Norte Escópia
46%
Paquistão Islamabad
46%
Maldivas Malé
46%
Bahrein Manama
46%
Omã Mascate
46%
Montenegro Podgorica
46%
Benim Porto-Novo ou Cotonou
46%
Vanuatu Port Vila
46%
Seychelles Victoria
46%
Samoa Apia
43%
Turquemenistão Asgabate
43%
Brunei Bandar Seri Begawan
43%
Santa Lúcia Castries
43%
Sudão do Sul Juba
43%
República Democrática do Congo Kinshasa
43%
Tonga Nukuʻalofa
43%
Estados Federados da Micronésia Palikir
43%
Butão Thimbu
43%
Gana Accra
41%
São Cristóvão e Nevis Basseterre
41%
Quirguistão Bisqueque
41%
República do Congo Brazzaville
41%
Tanzânia Dodoma
41%
Serra Leoa Freetown
41%
Tuvalu Funafuti
41%
Zimbábue Harare
41%
Ilhas Salomão Honiara
41%
Uganda Kampala
41%
Ruanda Kigali
41%
Sri Lanka Kotte
41%
Papua Nova Guiné Port Moresby
41%
Dominica Roseau
41%
Fiji Suva
41%
Mongólia Ulaanbaatar
41%
Laos Vientiane
41%
Camarões Yaoundé
41%
Eritreia Asmara
39%
Togo Lomé
39%
Somália Mogadíscio
39%
Libéria Monróvia
39%
Comores Moroni
39%
Burkina Faso Ouagadougou
39%
Maurícia Port Louis
39%
Uzbequistão Tashkent
39%
Costa do Marfim Yamoussoukro
39%
Tajiquistão Duchambé
37%
Malawi Lilongwe
37%
Birmânia Naypyidaw
37%
Mauritânia Nouakchott
37%
Kiribati Tarawa
37%
Nauru Yaren
37%
Botswana Gaborone
35%
Burundi Gitega
35%
Gabão Libreville
35%
Lesoto Maseru
35%
Chade N'Djamena
35%
Camboja Phnom Penh
35%
Namíbia Windhoek
35%
República Centro-Africana Bangui
33%
Gâmbia Banjul
33%
Ilhas Marshall Majuro
33%
Níger Niamey
33%
Palau Ngerulmud
30%
Zâmbia Lusaka
28%
Suazilândia Mbabane
28%
Mali Bamako
26%
Guiné Equatorial Malabo
26%
Nenhum quiz correspondente encontrado
Distribuição das Pontuações
Porcentagem de Pessoas com Cada Pontuação
Percentil de Números Respondidos
Sua Pontuação Histórica
Você não jogou esse quiz